| 000 | 00408 a2200133 4500 | ||
|---|---|---|---|
| 001 | 92270 | ||
| 082 | _aPR 2514 | ||
| 090 |
_c44216 _d44215 |
||
| 100 | _aSyed Almas Mahmood; Shoaib Arif and Irfan Shahid (Advisors) | ||
| 245 |
_aSimulation of Phase Shifters in Phased Array Radar for Electronic Beam Stearing _n77 "B" EC |
||
| 260 |
_aIslamabad _bNUST _c2014 |
||
| 300 | _a68p. | ||
| 500 | _aBE Project Reports | ||
| 942 |
_aCAE NUST _kPR 2514 |
||
| 999 |
_c327343 _d327343 |
||